| 000 | 00385nam a2200157Ia 4500 | ||
|---|---|---|---|
| 008 | 221030s9999 xx 000 0 und d | ||
| 020 | _a8120300548 | ||
| 041 | _aEnglish | ||
| 082 |
_a105.23 _bJor |
||
| 100 | _aE. C. Jordan | ||
| 245 | 0 |
_aElectromagnetic Waves & Radiating Systems _cby E. C. Jordan |
|
| 260 |
_bPHI _aNew Delhi _c2000 |
||
| 300 | _a753 | ||
| 650 | _aEMT | ||
| 942 | _cBK | ||
| 999 |
_c1067 _d1067 |
||